Vista normal
Vista MARC
Entrada Materia (personas)
Número de registros utilizados en: 1
001 - CONTROL NUMBER
- control field: 161081
003 - CONTROL NUMBER IDENTIFIER
- control field: Co-BoUCM
005 - DATE AND TIME OF LATEST TRANSACTION
- control field: 20211110133943.0
008 - FIXED-LENGTH DATA ELEMENTS
- fixed length control field: 211110|| aca||aabn | a|a d
040 ## - CATALOGING SOURCE
- Original cataloging agency: Co-BoUCM
- Transcribing agency: Co-BoUCM
100 ## - HEADING--PERSONAL NAME
- Personal name: SPRIESTERSBACH, D. C., editor
670 ## - SOURCE DATA FOUND
- Source citation: Work cat.: (Co-BoUCM)41728: Diagnosis in speech - language pathology / cEdited by J. Bruce Tomblin; Hughlett L. Morris; D.C. Spriestersbach, 2000